Movies Quiz

Random Movies or Oscar Quiz

Oscar Winners for Best Original Song Quiz Stats

 Plays Quiz Updated Feb 25, 2021

     
Support Sporcle.
Go Orange.
Score 0/87 Timer 15:00
0 Plays Today
Year Song % Correct
2013Let It Go
82.6%
2012Skyfall
79.8%
1997My Heart Will Go On
77.5%
1991Beauty and the Beast
72.2%
1992A Whole New World
69.3%
1980Fame
68.2%
1989Under the Sea
68.2%
1939Over the Rainbow
67.6%
1983Flashdance... What a Feeling
67.1%
2018Shallow
66.7%
1995Colors of the Wind
65.8%
1987(I've Had) The Time of My Life
64.2%
1994Can You Feel the Love Tonight
64.1%
2002Lose Yourself
62.6%
1971Theme From Shaft
62.5%
1973The Way We Were
59.2%
1993Streets of Philadelphia
55%
1940When You Wish Upon a Star
54.5%
1961Moon River
54.2%
1969Raindrops Keep Fallin' on My Head
53.3%
1986Take My Breath Away
51.7%
1966Born Free
50.7%
1977You Light Up My Life
50.5%
1999You'll Be In My Heart
50.4%
2016City of Stars
47.2%
2008Jai Ho
45.1%
1976Evergreen (Love Theme From A Star Is Born)
44.8%
1942White Christmas
44.5%
2017Remember Me
44.4%
Year Song % Correct
2015Writing's On the Wall
42.1%
1982Up Where We Belong
40.9%
1981Arthur's Theme (Best That You Can Do)
40.7%
1955Love is a Many Splendored Thing
40.6%
2014Glory
40%
1958Gigi
38.9%
1954Three Coins in the Fountain
35.5%
2011Man or Muppet
35.3%
1962Days of Wine and Roses
35%
1964Chim Chim Cher-ee
34.8%
1947Zip-a-Dee-Doo-Dah
34.5%
1967Talk to the Animals
34.2%
1952High Noon (Do Not Forsake Me, Oh My Darlin')
32.8%
2005It's Hard Out Here For a Pimp
32.6%
2007Falling Slowly
32.3%
1960Never on Sunday
31%
1998When You Believe
29.2%
1996You Must Love Me
27.6%
1972The Morning After
27.3%
2003Into the West
27.2%
1984I Just Called to Say I Love You
26.5%
1956Whatever Will Be, Will Be (Que Sera Sera)
26.5%
1988Let the River Run
26.2%
2001If I Didn't Have You
25.6%
1990Sooner or Later (I Always Get My Man)
24.9%
1985Say You, Say Me
23.5%
2019(I'm Gonna) Love Me Again
23.3%
1975I'm Easy
22.7%
1968Windmills of Your Mind
21%
Year Song % Correct
2010We Belong Together
20.6%
2006I Need to Wake Up
18.4%
2020Fight for You
18.2%
1978Last Dance
18%
2009The Weary Kind
17.7%
2000Things Have Changed
16.5%
1959High Hopes
15.7%
1936The Way You Look Tonight
15.6%
1953Secret Love
15.3%
1944Swinging on a Star
14.9%
1949Baby It's Cold Outside
14%
1948Buttons and Bows
13.7%
1974We May Never Love Like This Again
13.5%
1934The Continental
13.1%
1935Lullaby of Broadway
12.8%
1945It Might as Well Be Spring
12.2%
1979It Goes Like It Goes
11.8%
1965The Shadow of Your Smile
11.7%
2004Al otro lado del rio
11.6%
1963Call Me Irresponsible
11.3%
1938Thanks For the Memory
11.1%
1950Mona Lisa
10.6%
1946On the Atchison, Topeka and the Santa Fe
10.5%
1970For All We Know
10.5%
1937Sweet Leilani
10.4%
1957All the Way
9.8%
1941The Last Time I Saw Paris
8.9%
1951In the Cool, Cool, Cool of the Evening
8.6%
1943You'll Never Know
7.8%

From the Vault

One-Syllable '-ight' Words

by puckett86

This quiz is al-'ight'.
Remove Ads.
Support Sporcle.
Get the best of Sporcle when you Go Orange. This ad-free experience offers more features, more stats, and more fun while also helping to support Sporcle. Thank you for becoming a member.

Show Comments

Extras

Top Quizzes Today


Score Distribution

Your Account Isn't Verified!

In order to create a playlist on Sporcle, you need to verify the email address you used during registration. Go to your Sporcle Settings to finish the process.

Report this User

Report this user for behavior that violates our Community Guidelines.

Details: